01103nam a2200193Ia 4500001001100000003001000011008004100021040002500062041001300087100001400100245003200114250001100146260007500157300001100232500026000243501011400503520026000617650003200877L890-39509IT-CnALBA170116s9999||||xx |||||||||||||| ||und|| aIT-CnALBAcIT-CnALBA aITALIANO aELMI LUCA 0aGRANDI MOMENTI CON MUSICA.  a1a ed. aFIRENZEbL'AUTORE LIBRIc1999 [1° Ed.:1999 - Ed.Ling.Originale: 1999] a75 p.  aINTRODUZIONE. TECNICA DELL'AUTORE. FIORE E FUNGO DEVASTANTI. LO STRANIERO COME NEMICO. GENERALI SCONFITTI DAL TERRORE DELLA VECCHIAIA. STORIE DI FATE. IRONIA E DRAMMI SPESSO IN DIMENSIONI SURREALI. A BOCCA APERTA. SCACCO MATTO. IL BISOGNO. EVANGELINE. ROX aSocietà San Paolo EM - Piazza San Paolo, 14 - 12051 ALBA (CN) (non commercial uses only) ® Copyright 2017 aINTRODUZIONE. TECNICA DELL'AUTORE. FIORE E FUNGO DEVASTANTI. LO STRANIERO COME NEMICO. GENERALI SCONFITTI DAL TERRORE DELLA VECCHIAIA. STORIE DI FATE. IRONIA E DRAMMI SPESSO IN DIMENSIONI SURREALI. A BOCCA APERTA. SCACCO MATTO. IL BISOGNO. EVANGELINE. ROX aLETTERATURE IN ALTRE LINGUE